[Event "SWE-chT 1718 Superettan"]
[Site "Sweden"]
[Date "2018.03.18"]
[Round "9.2"]
[White "Janse, Rasmus"]
[Black "Grimsholm, Ola"]
[Result "1-0"]
[WhiteElo "2204"]
[BlackElo "2029"]
[PlyCount "105"]
[EventDate "2017.10.20"]
[EventType "team-tourn"]
[EventRounds "9"]
[EventCountry "SWE"]
[SourceTitle "EXT 2019"]
[Source "ChessBase"]
[SourceDate "2018.10.10"]
[SourceVersion "1"]
[SourceVersionDate "2018.10.10"]
[SourceQuality "1"]
[WhiteTeam "Vasteras"]
[BlackTeam "Orgryte"]
[WhiteTeamCountry "SWE"]
[BlackTeamCountry "SWE"]

1. d4 Nf6 2. c4 e6 3. Nc3 Bb4 4. e3 0-0 5. Bd3 d5 6. a3 Bxc3+ 7. bxc3 b6 8. cxd5 exd5 9. Nf3 c5 10. 0-0 Re8 11. a4 Qc7 12. Ba3 Nbd7 13. Rc1 c4 14. Bb1 Ne4 15. Nd2 f5 16. f3 Nxd2 17. Qxd2 Nf6 18. Rce1 Bd7 19. Bc2 a6 20. Bb4 Rab8 21. Qf2 h6 22. Qh4 a5 23. Ba3 b5 24. axb5 Rxb5 25. h3 Rb6 26. g4 fxg4 27. hxg4 Rbe6 28. Bg6 Rb8 29. Bf5 Ree8 30. Bg6 Re6 31. Bf5 Ree8 32. Bc2 Bc6 33. g5 hxg5 34. Qxg5 Qd8 35. Qh4 Rb3 36. Bxb3 cxb3 37. Rf2 a4 38. Rg2 Re6 39. Qg5 Qd7 40. Kf2 Qf7 41. Ke2 Bb5+ 42. Kd2 Bc4 43. Reg1 Ne8 44. Qg4 Bb5 45. Rh2 Qf6 46. Rgh1 Nd6 47. Rh8+ Kf7 48. Bxd6 Rxd6 49. Qc8 Qe7 50. Qg8+ Kf6 51. R8h6+ gxh6 52. Rxh6+ Kf5 53. Qg4# 1-0

[Event "SWE-chT 1516 Superettan"]
[Site "Sweden"]
[Date "2016.03.19"]
[Round "8"]
[White "Hedman, Erik"]
[Black "Janse, Rasmus"]
[Result "1-0"]
[WhiteElo "2349"]
[BlackElo "2230"]
[PlyCount "171"]
[EventDate "2015.11.06"]
[EventType "team-tourn"]
[EventRounds "9"]
[EventCountry "SWE"]
[SourceTitle "EXT 2018"]
[Source "ChessBase"]
[SourceDate "2017.10.13"]
[SourceVersion "1"]
[SourceVersionDate "2017.10.13"]
[SourceQuality "1"]
[WhiteTeam "Stockholm Rockaden II"]
[BlackTeam "Vasteras II"]
[WhiteTeamCountry "SWE"]
[BlackTeamCountry "SWE"]

1. d4 g6 2. c4 Bg7 3. Nc3 c5 4. d5 d6 5. e4 Nf6 6. Bd3 0-0 7. Nge2 e6 8. h3 exd5 9. cxd5 Ne8 10. 0-0 a6 11. a4 Nd7 12. Ng3 Rb8 13. Rb1 Nc7 14. Bd2 b5 15. axb5 Nxb5 16. Nxb5 axb5 17. b4 c4 18. Bc2 Ra8 19. Ne2 Qh4 20. Qc1 h6 21. Bc3 Bxc3 22. Nxc3 Rb8 23. Ra1 g5 24. Qe3 Ne5 25. Ra5 g4 26. Qf4 Qg5 27. Qxg5+ hxg5 28. hxg4 Bxg4 29. f3 Bc8 30. Rfa1 Kg7 31. Rxb5 Bd7 32. Rxb8 Rxb8 33. b5 Kf6 34. Kf2 Rb7 35. Ra5 Ke7 36. Ke3 Kd8 37. g3 Kc7 38. f4 gxf4+ 39. gxf4 Nd3 40. Bxd3 cxd3 41. Kxd3 Kb6 42. Ra1 Kc5 43. Na4+ Kxb5 44. Kd4 Ra7 45. Rb1+ Ka6 46. Nc3 Rb7 47. Ra1+ Kb6 48. Rc1 f6 49. Ne2 Rc7 50. Rb1+ Bb5 51. Ke3 Ka6 52. Rb3 Rh7 53. Ng3 Kb6 54. Kd4 Rh3 55. Rc3 Bd7 56. Ne2 Rxc3 57. Nxc3 Bg4 58. Nb1 Kc7 59. Na3 Kd7 60. Nc4 Ke7 61. Ne3 Be2 62. Nf5+ Kd7 63. Ke3 Bc4 64. Kf3 Bd3 65. Ng3 Ke7 66. Kg4 Ba6 67. Nf5+ Kd7 68. Kh5 Bd3 69. Ng3 Ke7 70. Kg6 Bc2 71. Nf5+ Kd7 72. Kxf6 Bxe4 73. Ne3 Bf3 74. Kf7 Be4 75. f5 Bf3 76. f6 Bh5+ 77. Kf8 Bg6 78. f7 Bh5 79. Kg7 Ke7 80. f8Q+ Kd7 81. Qf5+ Ke7 82. Qxh5 Kd7 83. Qf7+ Kd8 84. Kf6 Kc8 85. Ke6 Kd8 86. Qd7# 1-0

[Event "SWE-chT 1213"]
[Site "Sweden"]
[Date "2013.02.01"]
[Round "6"]
[White "Janse, Rasmus"]
[Black "Cramling, Dan"]
[Result "0-1"]
[WhiteElo "2200"]
[BlackElo "2360"]
[PlyCount "92"]
[EventDate "2012.10.05"]
[EventType "team-tourn"]
[EventRounds "9"]
[EventCountry "SWE"]
[SourceTitle "EXT 2014"]
[Source "ChessBase"]
[SourceDate "2013.11.20"]
[SourceVersion "1"]
[SourceVersionDate "2013.11.20"]
[SourceQuality "1"]
[WhiteTeam "Vasteras"]
[BlackTeam "Viking"]
[WhiteTeamCountry "SWE"]
[BlackTeamCountry "SWE"]

1. d4 Nf6 2. c4 c5 3. d5 b5 4. cxb5 a6 5. b6 Qxb6 6. Nc3 g6 7. Nf3 Bg7 8. Nd2 0-0 9. e4 d6 10. Nc4 Qd8 11. Be2 Nbd7 12. 0-0 Nb6 13. Nxb6 Qxb6 14. a4 Rb8 15. Ra3 Rd8 16. Bc4 Qa5 17. Qc2 Ng4 18. Bd2 Ne5 19. Be2 Qb6 20. Rb1 f5 21. a5 Qa7 22. f3 Bd7 23. Be3 fxe4 24. fxe4 Rb4 25. Rb3 Rdb8 26. Rxb4 Rxb4 27. Na2 Rb8 28. b4 Qb7 29. Kh1 h6 30. Qd2 Kh7 31. h3 e6 32. Rc1 cxb4 33. Bb6 b3 34. Rc7 Qxc7 35. Bxc7 b2 36. Nc3 Nf3 37. gxf3 Bxc3 38. Qxc3 b1Q+ 39. Kg2 Rb2 40. Kf2 Bb5 41. Bb6 Rxe2+ 42. Kg3 Qc2 43. Qf6 Rg2+ 44. Kh4 Qxe4+ 45. fxe4 g5+ 46. Qxg5 hxg5+ 0-1

[Event "SWE-chT 1213"]
[Site "Sweden"]
[Date "2012.12.01"]
[Round "4"]
[White "Janse, Rasmus"]
[Black "Arnelind, Mikael"]
[Result "1/2-1/2"]
[WhiteElo "2200"]
[BlackElo "2243"]
[PlyCount "104"]
[EventDate "2012.10.05"]
[EventType "team-tourn"]
[EventRounds "9"]
[EventCountry "SWE"]
[SourceTitle "EXT 2014"]
[Source "ChessBase"]
[SourceDate "2013.11.20"]
[SourceVersion "1"]
[SourceVersionDate "2013.11.20"]
[SourceQuality "1"]
[WhiteTeam "Vasteras"]
[BlackTeam "Orgryte"]
[WhiteTeamCountry "SWE"]
[BlackTeamCountry "SWE"]

1. d4 Nf6 2. c4 e6 3. Nc3 Bb4 4. e3 0-0 5. Bd3 d5 6. a3 Bxc3+ 7. bxc3 dxc4 8. Bxc4 c5 9. Ne2 Qc7 10. Ba2 Rd8 11. f3 Nc6 12. 0-0 e5 13. d5 Qe7 14. e4 h6 15. g4 Nh7 16. Qe1 Na5 17. h4 c4 18. Qg3 g5 19. hxg5 hxg5 20. Kg2 Nf8 21. Rh1 Ng6 22. Rh5 f6 23. Rh1 Bd7 24. Qf2 Nh4+ 25. Kg1 Nb3 26. Bxb3 cxb3 27. a4 Rac8 28. Ba3 Qh7 29. a5 Bb5 30. Bb4 Bd3 31. Ng3 b2 32. Qxb2 Nxf3+ 33. Kf2 Nh4 34. Ke3 Ba6 35. Qf2 Rxd5 36. Qxf6 Rd3+ 37. Kf2 Qf7 38. Qxf7+ Kxf7 39. Nf5 Rd2+ 40. Kg3 Rd3+ 41. Kf2 Rd2+ 42. Kg3 Rcd8 43. Nxh4 gxh4+ 44. Kxh4 Kg6 45. Kg3 Bc4 46. Rae1 R8d3+ 47. Kh4 Rd7 48. Kg3 R7d3+ 49. Kh4 Rd7 50. Kg3 R7d3+ 51. Kh4 Rd7 52. Kg3 R7d3+ 1/2-1/2

[Event "SWE-chT 1213"]
[Site "Sweden"]
[Date "2012.10.06"]
[Round "2"]
[White "Janse, Rasmus"]
[Black "Lindgren, Philip"]
[Result "1/2-1/2"]
[WhiteElo "2200"]
[BlackElo "2265"]
[PlyCount "39"]
[EventDate "2012.10.05"]
[EventType "team-tourn"]
[EventRounds "9"]
[EventCountry "SWE"]
[SourceTitle "EXT 2014"]
[Source "ChessBase"]
[SourceDate "2013.11.20"]
[SourceVersion "1"]
[SourceVersionDate "2013.11.20"]
[SourceQuality "1"]
[WhiteTeam "Vasteras"]
[BlackTeam "Limhamn"]
[WhiteTeamCountry "SWE"]
[BlackTeamCountry "SWE"]

1. d4 Nf6 2. c4 e6 3. Nc3 Bb4 4. e3 0-0 5. Bd3 d5 6. Nge2 dxc4 7. Bxc4 c5 8. 0-0 cxd4 9. exd4 Nc6 10. Bg5 Be7 11. Qd2 a6 12. a4 h6 13. Bf4 Nb4 14. Be5 Bd7 15. Rad1 Rc8 16. Bb3 Bc6 17. Nf4 Nbd5 18. Ncxd5 Bxd5 19. Bxf6 Bxf6 20. Nxd5 1/2-1/2

[Event "SWE-ch U20"]
[Site "Vasteras"]
[Date "2011.07.18"]
[Round "3"]
[White "Janse, Rasmus"]
[Black "Lindgren, Philip"]
[Result "1/2-1/2"]
[WhiteElo "2178"]
[BlackElo "2126"]
[PlyCount "125"]
[EventDate "2011.07.16"]
[EventType "tourn"]
[EventRounds "9"]
[EventCountry "SWE"]
[SourceTitle "CBM 143 Extra"]
[Source "ChessBase"]
[SourceDate "2011.08.29"]
[SourceVersion "1"]
[SourceVersionDate "2011.08.29"]
[SourceQuality "1"]

1. d4 d5 2. c4 c6 3. Nf3 Nf6 4. Nc3 e6 5. e3 Nbd7 6. Qc2 Bd6 7. Bd3 0-0 8. 0-0 dxc4 9. Bxc4 a6 10. Rd1 b5 11. Bd3 Qc7 12. Bd2 c5 13. Ne4 c4 14. Nxd6 Qxd6 15. Be2 Bb7 16. b3 Be4 17. Qb2 Rfc8 18. Ne5 cxb3 19. f3 Bc2 20. Nxd7 Nxd7 21. Rdc1 Ne5 22. axb3 Nd3 23. Bxd3 Bxd3 24. Ba5 Qd7 25. Rc5 Bg6 26. Rac1 Rxc5 27. dxc5 Rc8 28. Qd4 Qxd4 29. exd4 Rc6 30. Bb6 f6 31. b4 Bd3 32. Ra1 Kf7 33. Rxa6 Kg6 34. Ra7 Rc8 35. Kf2 Bc4 36. Ra5 h5 37. g4 hxg4 38. fxg4 Bd3 39. h4 Bc4 40. Kg3 Bd3 41. Kf4 Bc4 42. g5 Rh8 43. gxf6 gxf6 44. Kg4 Be2+ 45. Kg3 Kf5 46. Ra7 Rg8+ 47. Kf2 Bc4 48. h5 Bd5 49. h6 Rg2+ 50. Ke3 Rg3+ 51. Kf2 Rg2+ 52. Kf1 Rh2 53. h7 Kg6 54. Bd8 Rxh7 55. Rxh7 Kxh7 56. Bxf6 Kg6 57. Be5 Kf7 58. Kf2 Ke7 59. Ke3 Kd7 60. Kf4 Kc6 61. Kg5 Bc4 62. Kf6 Bd5 63. Ke7 1/2-1/2

[Event "SWE-chT 1011"]
[Site "Sweden"]
[Date "2011.02.26"]
[Round "8"]
[White "Janse, Rasmus"]
[Black "Lindberg, Henrik"]
[Result "1/2-1/2"]
[WhiteElo "2176"]
[BlackElo "2233"]
[PlyCount "128"]
[EventDate "2010.10.08"]
[EventType "team-tourn"]
[EventRounds "11"]
[EventCountry "SWE"]
[SourceTitle "EXT 2012"]
[Source "ChessBase"]
[SourceDate "2011.11.24"]
[SourceVersion "1"]
[SourceVersionDate "2011.11.24"]
[SourceQuality "1"]
[WhiteTeam "Vasteras"]
[BlackTeam "Upsala"]
[WhiteTeamCountry "SWE"]
[BlackTeamCountry "SWE"]

1. d4 Nf6 2. c4 e6 3. Nc3 Bb4 4. e3 c5 5. Bd3 0-0 6. Nge2 d5 7. a3 dxc4 8. Bxc4 cxd4 9. axb4 dxc3 10. bxc3 Qxd1+ 11. Kxd1 Ng4 12. Ke1 Ne5 13. Bb5 Bd7 14. Nd4 Rc8 15. Bd2 Nc4 16. e4 e5 17. Bxd7 Nxd7 18. Nb3 b6 19. Ra6 Nd6 20. f3 Nb5 21. Ke2 Nxc3+ 22. Bxc3 Rxc3 23. Rd1 Nf8 24. Nd2 Ne6 25. Rda1 Rd8 26. Kd1 Rcd3 27. R1a2 Nd4 28. R6a3 Rxa3 29. Rxa3 Nb5 30. Rb3 h5 31. Ke1 h4 32. g3 h3 33. f4 f6 34. Nf3 Nd4 35. Nxd4 Rxd4 36. fxe5 Rxe4+ 37. Kf2 Rxe5 38. g4 Re4 39. Kg3 g5 40. Kxh3 Kf7 41. Ra3 Rxb4 42. Rxa7+ Ke6 43. Rb7 Rb3+ 44. Kg2 Ke5 45. Re7+ Kf4 46. Rf7 Ke5 47. Re7+ Kd6 48. Rf7 Ke6 49. Rb7 Rb2+ 50. Kg3 Rb3+ 51. Kg2 f5 52. gxf5+ Kxf5 53. h3 Rb2+ 54. Kg3 Rb3+ 55. Kg2 Rb5 56. Kg3 Ke5 57. Kg4 Kf6 58. Rb8 Rb4+ 59. Kg3 Rb1 60. Kg4 Rb4+ 61. Kg3 b5 62. Rb7 Rb1 63. Kg4 Rb4+ 64. Kg3 Rb3+ 1/2-1/2

[Event "SWE-chT 1011"]
[Site "Sweden"]
[Date "2011.02.05"]
[Round "7"]
[White "Lissang, Christopher"]
[Black "Janse, Rasmus"]
[Result "1-0"]
[WhiteElo "2302"]
[BlackElo "2178"]
[PlyCount "39"]
[EventDate "2010.10.08"]
[EventType "team-tourn"]
[EventRounds "11"]
[EventCountry "SWE"]
[SourceTitle "EXT 2012"]
[Source "ChessBase"]
[SourceDate "2011.11.24"]
[SourceVersion "1"]
[SourceVersionDate "2011.11.24"]
[SourceQuality "1"]
[WhiteTeam "Farsta"]
[BlackTeam "Vasteras"]
[WhiteTeamCountry "SWE"]
[BlackTeamCountry "SWE"]

1. d4 e6 2. Nf3 Nf6 3. g3 b6 4. c4 Bb7 5. Bg2 Bb4+ 6. Nbd2 0-0 7. 0-0 d5 8. Qc2 dxc4 9. Nxc4 Be4 10. Qb3 Nc6 11. a3 Be7 12. Ncd2 Qd5 13. Qc3 Rad8 14. e3 Qd7 15. Nxe4 Nxe4 16. Qc2 Nf6 17. b4 Bd6 18. Bb2 Ne8 19. Ng5 Ne7 20. Qxh7# 1-0

[Event "SWE-chT 1011"]
[Site "Sweden"]
[Date "2010.10.09"]
[Round "2.4"]
[White "Janse, Rasmus"]
[Black "Vernersson, Per"]
[Result "1/2-1/2"]
[WhiteElo "2178"]
[BlackElo "2372"]
[PlyCount "53"]
[EventDate "2010.10.08"]
[EventType "team-tourn"]
[EventRounds "11"]
[EventCountry "SWE"]
[SourceTitle "CBM 138 Extra"]
[Source "ChessBase"]
[SourceDate "2010.10.29"]
[SourceVersion "1"]
[SourceVersionDate "2010.10.29"]
[SourceQuality "1"]
[WhiteTeam "Vasteras"]
[BlackTeam "Eksjo"]
[WhiteTeamCountry "SWE"]
[BlackTeamCountry "SWE"]

1. d4 d5 2. c4 e6 3. Nc3 Be7 4. Nf3 Nf6 5. Bg5 Nbd7 6. e3 0-0 7. Bd3 dxc4 8. Bxc4 c5 9. 0-0 cxd4 10. Nxd4 Ne5 11. Bb3 Bd7 12. Qe2 Nc6 13. Rfd1 Qa5 14. Nf5 Qxf5 15. Bxf6 Rfd8 16. Bxe7 Nxe7 17. Rd6 Qa5 18. Qd2 Bc6 19. e4 Qc7 20. Rd1 Rxd6 21. Qxd6 Qxd6 22. Rxd6 Kf8 23. f4 Ke8 24. Kf2 Ng6 25. Ke3 Ke7 26. Rd2 Nf8 27. Bd1 1/2-1/2

[Event "EU-ch U18 19th"]
[Site "Fermo"]
[Date "2009.09.08"]
[Round "8"]
[White "Martin Fuentes, Alberto"]
[Black "Janse, Rasmus"]
[Result "0-1"]
[WhiteElo "2244"]
[BlackElo "2127"]
[PlyCount "100"]
[EventDate "2009.08.31"]
[EventType "swiss"]
[EventRounds "9"]
[EventCountry "ITA"]
[SourceTitle "CBM 132 Extra"]
[Source "ChessBase"]
[SourceDate "2009.11.03"]
[SourceVersion "1"]
[SourceVersionDate "2009.11.03"]
[SourceQuality "1"]

1. e4 e6 2. d4 d5 3. Nc3 Bb4 4. Bd2 dxe4 5. Qg4 g6 6. Qxe4 Nf6 7. Qd3 Nbd7 8. Nf3 b6 9. a3 Bf8 10. Bg5 Bb7 11. 0-0-0 h6 12. Bf4 Bg7 13. Qd2 Nd5 14. Nxd5 Bxd5 15. Bb5 c6 16. Bd3 b5 17. h4 a5 18. Bd6 Qb6 19. h5 Bxf3 20. Bc5 Nxc5 21. dxc5 Qxc5 22. gxf3 b4 23. Qe3 Bd4 24. Qe4 bxa3 25. bxa3 Bc3 26. Qa4 Qb6 27. Qb3 Qxb3 28. cxb3 g5 29. Be4 Rc8 30. Rd6 Ke7 31. Rhd1 f5 32. Rd7+ Kf6 33. Bd3 Rcd8 34. Bc4 Rxd7 35. Rxd7 Be1 36. Rd6 Re8 37. Rxc6 Bxf2 38. Kd1 g4 39. fxg4 fxg4 40. Ke2 Bd4 41. Ra6 Kf5 42. Rxa5+ Kf4 43. Ra6 g3 44. Kf1 Kf3 45. Be2+ Ke3 46. Bc4 Rf8+ 47. Kg2 Rf2+ 48. Kxg3 Be5+ 49. Kg4 Rg2+ 50. Kh3 Kf3 0-1

[Event "EU-ch U18 19th"]
[Site "Fermo"]
[Date "2009.08.31"]
[Round "1"]
[White "Janse, Rasmus"]
[Black "Benidze, Davit"]
[Result "0-1"]
[WhiteElo "2127"]
[BlackElo "2437"]
[PlyCount "66"]
[EventDate "2009.08.31"]
[EventType "swiss"]
[EventRounds "9"]
[EventCountry "ITA"]
[SourceTitle "CBM 132 Extra"]
[Source "ChessBase"]
[SourceDate "2009.11.03"]
[SourceVersion "1"]
[SourceVersionDate "2009.11.03"]
[SourceQuality "1"]

1. d4 Nf6 2. c4 e6 3. Nc3 Bb4 4. e3 0-0 5. Nf3 b6 6. Bd3 Bb7 7. 0-0 c5 8. a3 Bxc3 9. bxc3 d6 10. Qc2 Bxf3 11. gxf3 Nc6 12. Kh1 Rc8 13. Rg1 cxd4 14. exd4 Kh8 15. Rg3 Nh5 16. Rh3 g6 17. Bh6 Rg8 18. Rg1 f5 19. d5 Ne5 20. dxe6 Qf6 21. Bg5 Qxe6 22. Bxf5 gxf5 23. Rxh5 Nxf3 24. Qd3 Nxg1 25. Qd4+ Rg7 26. Bf6 Nf3 27. Bxg7+ Kg8 28. Qf6 Qe1+ 29. Kg2 Qg1+ 30. Kxf3 Qg4+ 31. Ke3 Re8+ 32. Kd2 Re2+ 33. Kc1 Qg1# 0-1

[Event "SWE-chT 0708"]
[Site "Sweden"]
[Date "2008.02.23"]
[Round "8"]
[White "Vilchez, Victor"]
[Black "Janse, Rasmus"]
[Result "1/2-1/2"]
[WhiteElo "2363"]
[BlackElo "2214"]
[PlyCount "90"]
[EventDate "2007.10.19"]
[EventType "team"]
[EventRounds "11"]
[EventCountry "SWE"]
[SourceTitle "EXT 2009"]
[Source "ChessBase"]
[SourceDate "2008.11.26"]
[SourceVersion "1"]
[SourceVersionDate "2008.11.26"]
[SourceQuality "1"]
[WhiteTeam "Stockholm Rockaden"]
[BlackTeam "Vasteras"]
[WhiteTeamCountry "SWE"]
[BlackTeamCountry "SWE"]

1. e4 e6 2. d3 d5 3. Nd2 c5 4. Ngf3 Nc6 5. g3 Bd6 6. Bg2 Nge7 7. Qe2 Qc7 8. c3 0-0 9. 0-0 Bd7 10. Re1 f6 11. Bh3 d4 12. Nc4 e5 13. Bxd7 Qxd7 14. cxd4 cxd4 15. a4 Rfb8 16. Bd2 b5 17. axb5 Rxb5 18. Rec1 Rb3 19. Kg2 Rab8 20. Ne1 Bc7 21. Ra6 f5 22. f3 f4 23. g4 h5 24. h3 Qc8 25. Rca1 h4 26. Qd1 Qb7 27. Qc2 Qb5 28. R1a2 Qc5 29. Kf1 Nc8 30. Ke2 N8e7 31. Kd1 Qb5 32. Ng2 g5 33. Ne1 Kg7 34. R2a4 Qc5 35. Bc1 Kf8 36. Bd2 Ke8 37. Ra3 Qb5 38. R3a4 Qc5 39. Ke2 Kf8 40. Qd1 Ke8 41. Nc2 Nc8 42. N2a3 R3b7 43. Qc2 N8e7 44. Kd1 Kd7 45. Ke2 Ke8 1/2-1/2